The Dementias, policy and management /

Bibliographic Details
Other Authors: Gilhooly, Mary L. M., Zarit, Steven H., Birren, James E.
Format: Book
Language:English
Published: Englewood Cliffs, N.J. : Prentice-Hall, [1986]
Subjects:

MARC

Tag First Indicator Second Indicator Subfields
LEADER 00000cam a2200000 a 4500
001 in00000028905
005 20151007054734.0
008 851007s1986 njua b 00100 eng
010 |a  85025796  
020 |a 0131985736 :  |c $29.95 
035 |a (OCoLC)12752423 
035 |9 AAB6086AM 
040 |a DLC  |c DLC  |d WQM  |d m/c  |d TXA  |d UtOrBLW 
043 |a n-us--- 
049 |a TXAM  |c [A11060581] 
050 0 0 |a RC521  |b .D46 1986 
082 0 |a 362.1/9897689/83  |2 19 
245 0 4 |a The Dementias, policy and management /  |c Mary L.M. Gilhooly, Steven H. Zarit, James E. Birren, editors, and Donna Deutchman, editorial coordinator. 
264 1 |a Englewood Cliffs, N.J. :  |b Prentice-Hall,  |c [1986] 
264 4 |c ©1986 
300 |a xii, 227 pages :  |b illustrations ;  |c 24 cm. 
336 |a text  |b txt  |2 rdacontent 
337 |a unmediated  |b n  |2 rdamedia 
338 |a volume  |b nc  |2 rdacarrier 
504 |a Includes bibliographies and indexes. 
650 0 |a Senile dementia  |x Patients  |x Care  |z United States. 
650 0 |a Alzheimer's disease  |x Patients  |x Care  |z United States. 
650 0 |a Senile dementia  |x Government policy  |z United States. 
650 0 |a Alzheimer's disease  |x Government policy  |z United States. 
700 1 |a Gilhooly, Mary L. M. 
700 1 |a Zarit, Steven H. 
700 1 |a Birren, James E. 
999 |a MARS 
999 f f |s 1ccc8517-7bc6-3391-8af7-c55323ad0838  |i eee89984-b2fe-3db8-881a-29b25ed3fb4e  |t 0 
952 f f |p ric  |a Texas A&M University  |b Rellis Campus  |c Joint Library Facility  |d Remote Storage  |t 0  |e RC521 .D46 1986  |h Library of Congress classification  |i unmediated -- volume  |m A14811060581 
998 f f |a RC521 .D46 1986  |t 0  |l Remote Storage